| 000 | 01283cab a2200241 4500 | ||
|---|---|---|---|
| 001 | ABS56038 | ||
| 008 | 090401t1996 xxu||||| |||| 00| 0 eng d | ||
| 035 | _a(Sirsi) u20602 | ||
| 041 | _aeng | ||
| 245 | 4 | _aThe Keepers and Governors of the Free Grammar School of John Lyon v Jordan and others | |
| 260 | _c1996 | ||
| 350 | _a0 | ||
| 490 |
_aProperty and Compensation Reports _v[1996] 72 P&CR 402-407(3) |
||
| 520 | _aCA 30 June 1995. The plaintiff landlord (K) had granted a headlease, of premises comprising a house divided into five flats, for 60 years. The head lessees sublet the flats for 55 years to the defendant tenants. As a result of non-payment of rent an order for possession was granted to K against the head lessees. The appeal by K was against the decision that the defendants became protected tenants in the new relationship. Appeal dismissed. Held, that if the subtenant was a protected tenant of the former tenant, he became a protected tenant of the landlord. | ||
| 650 | _aHEADLEASES | ||
| 650 | _aKEEPERS AND GOVERNORS OF THE FREE GRAMMAR SCHOOL OF JO | ||
| 650 | _aPROTECTED TENANCIES | ||
| 650 | _aRENT ACT 1977 S137 | ||
| 650 | _aSUBLEASES | ||
| 690 | _aLANDLORD AND TENANT-CASE LAW-RESIDENTIAL TENANCIES | ||
| 942 | _n0 | ||
| 948 | _c04/03/1997 | ||
| 999 |
_c13801 _d13801 |
||